Größte Stadt pro Buchstabe - Statistiken

Allgemein
  • Dieses Quiz wurde 63 mal gespielt
  • Das Durchschnittsergebnis liegt bei 11 aus 26
Antwortstatistiken
Einwohner Stadt % Korrekt
T 33.410.000 Tokio
81%
S 29.560.000 Shanghai
76%
P 17.010.000 Peking
74%
J 41.920.000 Jakarta
72%
N 13.920.000 New York City
72%
I 15.020.000 Istanbul
67%
D 31.870.000 Delhi
59%
M 24.740.000 Manila
57%
G 27.560.000 Guangzhou
56%
K 25.570.000 Kairo
56%
B 18.180.000 Bangkok
46%
R 9.500.000 Rio de Janeiro
44%
O 12.960.000 Osaka
41%
L 21.400.000 Lagos
39%
W 10.390.000 Wuhan
39%
X 14.100.000 Xiamen
31%
C 20.940.000 Chengdu
30%
H 14.050.000 Ho-Chi-Minh-Stadt
24%
A 7.630.000 Ahmedabad
22%
E 1.410.000 Edmonton
19%
Q 6.170.000 Qingdao
17%
V 2.640.000 Vancouver
17%
F 9.500.000 Foshan
11%
U 4.050.000 Ürümqi
11%
Y 6.080.000 Yangon
9%
Z 12.600.000 Zhengzhou
7%
Keine übereinstimmenden Quizze gefunden
Verteilung der Resultate
Anzahl Personen mit jedem Resultat
Perzentil nach korrekt beantworteten Fragen
Ihre Resultats-Entwicklung
Sie haben dieses Quiz noch nicht gespielt